Missing Word: Books Beginning with 'H' Quiz Stats

 Plays Quiz Updated Dec 16, 2014

Challenge
Share
Tweet
Embed
Score 0/22 Timer 04:00
0 Plays Today
BOOKS ANSWER % Correct
The Hunchback of ____-DameNotre
97.6%
The Hitchhiker's ____ to the GalaxyGuide
97.3%
The Hunt For ____ OctoberRed
94.8%
Horton ____ a Who!Hears
90.1%
Harry Potter and the ____ of FireGoblet
89.5%
The Hound of the ____Baskervilles
83.4%
How to Win ____ and Influence PeopleFriends
80.1%
The Horse ____Whisperer
79.7%
The Handmaid's ____Tale
76.2%
Howards ____End
75.3%
Hard ____Times
71.8%
BOOKS ANSWER % Correct
A History of the ____-Speaking PeoplesEnglish
69.5%
Heart of ____Darkness
66.2%
The Heart Is a ____ HunterLonely
63.3%
Harriet the ____Spy
61.7%
The Horse and His _____Boy
35.9%
Holidays on ____Ice
29.8%
A High ____ in JamaicaWind
20.7%
The House of ____Mirth
18.2%
The House of the ____Spirits
16.9%
Henderson the Rain ____King
16.1%
A Handful of ____Dust
16.1%

Today's Daily Dose

You're not logged in!

Compare scores with friends on all Sporcle quizzes.
Join for Free
OR
Log In

You Might Also Like...

Show Comments

Extras

Top Quizzes Today


Score Distribution

Your Account Isn't Verified!

In order to create a playlist on Sporcle, you need to verify the email address you used during registration. Go to your Sporcle Settings to finish the process.

Report this User

Report this user for behavior that violates our Community Guidelines.

Details: